|
|
|
|
| LEADER |
00000nam a22000007a 4500 |
| 005 |
20130503083526.0 |
| 007 |
cr|||| |||| |
| 008 |
130503e2009 mx |||| s|||| 0|||b spa d |
| 035 |
|
|
|a 11032
|
| 040 |
|
|
|a vLex
|
| 090 |
|
|
|c 4258
|d 4258
|
| 245 |
0 |
0 |
|a Derecho Penal Mn̕imo
|h [Recurso electrn̤ico]
|
| 256 |
|
|
|a Servicio en ln̕ea
|
| 260 |
|
|
|a Mx̌ico, D.F. :
|b Criminogenesis,
|c 2009-
|
| 300 |
|
|
|a 1 Recurso electrn̤ico
|
| 506 |
|
|
|d vLex Global
|d vLex Global (Academic Edition, excluding Law Schools)
|d vLex Global (U.S. Academic Edition, Law Schools)
|d vLex Global (U.S. Academic Edition, excluding Law Schools)
|d vLex Global (Academic Edition, Law Schools)
|
| 650 |
0 |
4 |
|a Derecho penal
|v Revistas
|
| 740 |
|
|
|a vLex Revistas (Servicio en ln̕ea)
|
| 856 |
|
|
|a Acceso restringido
|u http://www.vlex.com/source/11032
|
| 942 |
|
|
|c REV
|
| 999 |
|
0 |
|a Criminal law
|